<?xml version="1.0" encoding="UTF-8"?>
<record
    xmlns:xsi="http://www.w3.org/2001/XMLSchema-instance"
    xsi:schemaLocation="http://www.loc.gov/MARC21/slim http://www.loc.gov/standards/marcxml/schema/MARC21slim.xsd"
    xmlns="http://www.loc.gov/MARC21/slim">

  <leader>01298nam a22002657a 4500</leader>
  <datafield tag="952" ind1=" " ind2=" ">
    <subfield code="0">0</subfield>
    <subfield code="1">0</subfield>
    <subfield code="2">lcc</subfield>
    <subfield code="4">0</subfield>
    <subfield code="7">0</subfield>
    <subfield code="a">11</subfield>
    <subfield code="b">11</subfield>
    <subfield code="d">2013-11-21</subfield>
    <subfield code="l">8</subfield>
    <subfield code="o">HM251 P8 2006</subfield>
    <subfield code="p">11 010418</subfield>
    <subfield code="r">2019-12-18</subfield>
    <subfield code="s">2019-12-17</subfield>
    <subfield code="t">1</subfield>
    <subfield code="w">2013-11-21</subfield>
    <subfield code="y">LB</subfield>
  </datafield>
  <datafield tag="952" ind1=" " ind2=" ">
    <subfield code="0">0</subfield>
    <subfield code="1">0</subfield>
    <subfield code="2">lcc</subfield>
    <subfield code="4">0</subfield>
    <subfield code="7">0</subfield>
    <subfield code="a">11</subfield>
    <subfield code="b">11</subfield>
    <subfield code="d">2013-11-21</subfield>
    <subfield code="l">12</subfield>
    <subfield code="o">HM251 P8 2006</subfield>
    <subfield code="p">11 010419</subfield>
    <subfield code="r">2020-03-02</subfield>
    <subfield code="s">2020-03-02</subfield>
    <subfield code="t">2</subfield>
    <subfield code="w">2013-11-21</subfield>
    <subfield code="y">LB</subfield>
  </datafield>
  <datafield tag="952" ind1=" " ind2=" ">
    <subfield code="0">0</subfield>
    <subfield code="1">0</subfield>
    <subfield code="2">lcc</subfield>
    <subfield code="4">0</subfield>
    <subfield code="7">0</subfield>
    <subfield code="a">11</subfield>
    <subfield code="b">11</subfield>
    <subfield code="d">2013-11-21</subfield>
    <subfield code="l">7</subfield>
    <subfield code="o">HM251 P8 2006</subfield>
    <subfield code="p">11 010420</subfield>
    <subfield code="r">2019-08-14</subfield>
    <subfield code="s">2019-08-14</subfield>
    <subfield code="t">3</subfield>
    <subfield code="w">2013-11-21</subfield>
    <subfield code="y">LB</subfield>
  </datafield>
  <datafield tag="952" ind1=" " ind2=" ">
    <subfield code="0">0</subfield>
    <subfield code="1">0</subfield>
    <subfield code="2">lcc</subfield>
    <subfield code="4">0</subfield>
    <subfield code="7">0</subfield>
    <subfield code="a">11</subfield>
    <subfield code="b">11</subfield>
    <subfield code="d">2013-11-28</subfield>
    <subfield code="l">4</subfield>
    <subfield code="o">HM251 P8 2006</subfield>
    <subfield code="p">11 010445</subfield>
    <subfield code="r">2025-04-23</subfield>
    <subfield code="s">2025-04-22</subfield>
    <subfield code="t">4</subfield>
    <subfield code="w">2013-11-28</subfield>
    <subfield code="y">LB</subfield>
  </datafield>
  <datafield tag="952" ind1=" " ind2=" ">
    <subfield code="0">0</subfield>
    <subfield code="1">0</subfield>
    <subfield code="2">lcc</subfield>
    <subfield code="4">0</subfield>
    <subfield code="7">0</subfield>
    <subfield code="a">11</subfield>
    <subfield code="b">11</subfield>
    <subfield code="d">2015-09-14</subfield>
    <subfield code="l">0</subfield>
    <subfield code="o">HM251 P8 2006</subfield>
    <subfield code="p">11 012706</subfield>
    <subfield code="r">2015-09-14</subfield>
    <subfield code="t">5</subfield>
    <subfield code="w">2015-09-14</subfield>
    <subfield code="y">LB</subfield>
  </datafield>
  <datafield tag="999" ind1=" " ind2=" ">
    <subfield code="c">91289</subfield>
    <subfield code="d">91289</subfield>
  </datafield>
  <controlfield tag="008">131121t2006    mx a|||| |||| 00| 0 spa d</controlfield>
  <datafield tag="020" ind1=" " ind2=" ">
    <subfield code="a">9789682475702</subfield>
  </datafield>
  <datafield tag="050" ind1=" " ind2=" ">
    <subfield code="a">HM251 </subfield>
    <subfield code="b">P8 2006</subfield>
  </datafield>
  <datafield tag="100" ind1=" " ind2=" ">
    <subfield code="a">Salazar, Jos&#xE9; Miguel</subfield>
    <subfield code="e">autor </subfield>
  </datafield>
  <datafield tag="245" ind1=" " ind2=" ">
    <subfield code="a">Psicolog&#xED;a social</subfield>
    <subfield code="c">/ Jos&#xE9; Miguel, Salazar. et al.</subfield>
  </datafield>
  <datafield tag="250" ind1=" " ind2=" ">
    <subfield code="a">3a. edici&#xF3;n </subfield>
  </datafield>
  <datafield tag="260" ind1=" " ind2=" ">
    <subfield code="a">M&#xE9;xico</subfield>
    <subfield code="b">: Trillas: Asociaci&#xF3;n Venezolana de Psicolog&#xED;a  Social </subfield>
    <subfield code="c">, 2006</subfield>
  </datafield>
  <datafield tag="300" ind1=" " ind2=" ">
    <subfield code="a">427 p&#xE1;ginas </subfield>
    <subfield code="b">: tablas </subfield>
  </datafield>
  <datafield tag="500" ind1=" " ind2=" ">
    <subfield code="a">Incluye: &#xCD;ndice de contenido, Pr&#xF3;logo (pp. 5 - 6), &#xCD;ndice anal&#xED;tico (pp. 422 - 427)</subfield>
  </datafield>
  <datafield tag="504" ind1=" " ind2=" ">
    <subfield code="a">Bibliograf&#xED;a (pp. 396 - 421)</subfield>
  </datafield>
  <datafield tag="505" ind1=" " ind2=" ">
    <subfield code="a">La psicolog&#xED;a social: una panor&#xE1;mica general  
La comunicaci&#xF3;n  
Percepci&#xF3;n social  
Valores y motivaciones sociales  
Actitudes y conducta  
Formaci&#xF3;n y cambio de actitudes  
El peque&#xF1;o grupo  
Normas roles y posiciones sociales  
La personalidad b&#xE1;sica  
La clase social: sus derivaciones psicosociales  
La desviaci&#xF3;n social  
La psicolog&#xED;a social aplicada  </subfield>
  </datafield>
  <datafield tag="519" ind1=" " ind2=" ">
    <subfield code="a">Material Complementario / </subfield>
    <subfield code="d">(11 010418) </subfield>
  </datafield>
  <datafield tag="650" ind1=" " ind2="0">
    <subfield code="a">PSICOLOG&#xCD;A SOCIAL</subfield>
  </datafield>
  <datafield tag="700" ind1=" " ind2=" ">
    <subfield code="a">Montero, Maritza</subfield>
    <subfield code="e">autor </subfield>
  </datafield>
  <datafield tag="700" ind1=" " ind2=" ">
    <subfield code="a">Mu&#xF1;oz C., Carlos </subfield>
  </datafield>
  <datafield tag="700" ind1=" " ind2=" ">
    <subfield code="a">S&#xE1;nchez, Euclides </subfield>
    <subfield code="e">autor </subfield>
  </datafield>
  <datafield tag="700" ind1=" " ind2=" ">
    <subfield code="a">Santoro, Eduardo</subfield>
    <subfield code="e">autor </subfield>
  </datafield>
  <datafield tag="700" ind1=" " ind2=" ">
    <subfield code="a">Villegas, Julio F.</subfield>
    <subfield code="e">autor </subfield>
  </datafield>
  <datafield tag="942" ind1=" " ind2=" ">
    <subfield code="c">LB</subfield>
  </datafield>
</record>
